000 00524nmm a2200169Ia 4500
008 251105s9999||||xx |||||||||||||||||und||
020 _a9788499401591
041 _aspa
100 _aOlivares Rodríguez, José, Méndez Carrillo, F. Xavier
245 0 _aTécnicas de modificación de conducta
264 _a[Madrid, España] :
_bBiblioteca Nueva,
_c2010
300 _a576 páginas
490 _aPsicología Universidad
650 _aPsychology
856 _uhttps://public.digitaliapublishing.com/a/6645
942 _cCF
999 _c92590
_d92590